000 01394nam0a22003131 4500
001 rc\225578
005 20250621003639.0
010 _a5-7420-0234-3
_950000
035 _a(NLR Aleph) 005479221
090 _a5110207
_c5110207
100 _a20030307d1990 |||y0rusy50 ca
101 0 _arus
102 _aRU
105 _aa |||||||||
200 1 _aДарья Мальцева
_eПовести, рассказы
_fАлександ Цветнов
_g[Худож. А. Щелоков]
210 _aГорький
_cВолго-Вят. кн. изд-во
_d1990
215 _a302, [2] с.
_cил.
_d21
327 1 _aСодерж.: Дарья Мальцева: Повесть; Женщины и война: Рассказы: Каменная; Сорока стрекотала; Я ей за брата был
464 0 _12001#$aДарья Мальцева
_tДарья Мальцева
464 0 _12001#$aЖенщины и война
_tЖенщины и война
464 0 _12001#$aКаменная
_tКаменная
464 0 _12001#$aСорока стрекотала
_tСорока стрекотала
464 0 _12001#$aЯ ей за брата был
_tЯ ей за брата был
700 1 _aЦветнов
_bА.И.
_f1920-
_gАлександр Иванович
801 0 _aRU
_bNLR
_gpsbo
801 1 _aRU
_bELAR
_2rusmarc
852 _aNLR
_j90-3/1334
942 _cBOOK
980 _aNB